000 00653nam a2200253Ia 4500
005 20250425162640.0
008 250425s9999 xx 000 0 und d
020 _a9706864563
041 _aspa
043 _amx
082 _a658.4092
100 _aMOSLEY, DONALD C
245 0 _aSUPERVISION LA PRACTICA DEL EMPOWERMENT, DESARROLLO DE EQUIPOS DE TRABAJO Y SU MOTIVACION
250 _a6 ED
260 _aMéxico
_bTHOMSON
_c2005
260 _aS.L.
300 _a493
500 _aILUSTRADO
650 _aLIDERAZGO
650 _aMOTIVACION Y APRENDIZAJE-EMPLEADO
710 _aTHOMSON SOUTH - WESTERN
942 _c01
010 _a93854
999 _c233581
_d233581